Multifunkčná telocvičňa

Saved in:
Bibliographic Details
Main Author: Hrdlovičová, Lucia (Author)
Other Authors: Varga, Tibor (Thesis advisor)
Format: Manuscript Book
Language:Slovak
Published: Bratislava 2019
Subjects:
Online Access:http://is.stuba.sk/zp/portal_zp.pl?podrobnosti=127951
Tags: Add Tag
No Tags, Be the first to tag this record!

MARC

LEADER 00000ntm a22000003a 4500
001 stuzp73782
003 SK-STU
005 20200918072430.9
007 ta
008 150427s2015----xo-----f-mn---000-0-slo-d
040 |a STU  |b slo 
041 0 |a slo 
100 1 |a Hrdlovičová, Lucia  |u 052120  |4 aut  |U FAD Fakulta architektúry  |T FA Ústav ekologickej a experimentálnej architektúry  |X 82265  |U A2120  |Y 393  |7 82265 
242 0 1 |a Multifunction Gym  |y eng 
245 1 0 |a Multifunkčná telocvičňa 
260 |c 2019  |a Bratislava 
650 4 |a športová hala  |2 slo 
650 4 |a atletika  |2 slo 
650 4 |a drevené konštrukcie  |2 slo 
650 4 |a sports hall  |2 eng 
650 4 |a athletics  |2 eng 
650 4 |a timber structure  |2 eng 
700 1 |a Varga, Tibor  |u 052120  |k Z1  |4 ths  |U FAD Fakulta architektúry  |T FA Ústav ekologickej a experimentálnej architektúry  |X 337  |U A2120  |Y 393  |7 A000000337 
856 4 |u http://is.stuba.sk/zp/portal_zp.pl?podrobnosti=127951  |u https://opac.crzp.sk/?fn=detailBiblioForm&sid=819BE1355532A4D31A1163AB1E91